Laubabwerfende Gehölze - Sudden Death - Statistiken

Allgemein
  • Dieses Quiz wurde 198 mal gespielt
  • Das Durchschnittsergebnis liegt bei 7 aus 15
Answers on the Grid
Answers color-coded by a green-red scale on the quiz's grid according to % correct below.
Stechpalme
Wacholder
Kiefer
Kirschlorbeer
Eibe
Lebensbaum
Zeder
Fichte
Rhododendron
Buchsbaum
Besenheide
Rosmarin
Lavendel
Bambus
Glanzmispel
Kirsche
Buche
Eiche
Kastanie
Hortensie
Ahorn
Sommerflieder
Lärche
Hartriegel
Weide
Judasbaum
Trompetenbaum
Essigbaum
Hasel
Blauregen
 
Antwortstatistiken
Antwort % Korrekt
Ahorn
79%
Buche
77%
Eiche
72%
Kastanie
72%
Kirsche
65%
Weide
63%
Hasel
60%
Lärche
41%
Sommerflieder
28%
Blauregen
20%
Trompetenbaum
20%
Essigbaum
19%
Hartriegel
13%
Hortensie
13%
Judasbaum
11%
Keine übereinstimmenden Quizze gefunden
Verteilung der Resultate
Anzahl Personen mit jedem Resultat
Perzentil nach korrekt beantworteten Fragen
Ihre Resultats-Entwicklung
Sie haben dieses Quiz noch nicht gespielt